Súvzťažnosti k účtovej osnove pre podnikateľov do vrecka. /
Uložené v:
| Hlavní autori: | , |
|---|---|
| Médium: | Kniha |
| Jazyk: | Slovak |
| Vydané: |
Bratislava :
Grand Multitrade,
1999
|
| Vydanie: | 1. vyd. |
| Témy: | |
| ISBN: |
809679471X (brož.) |
| Fyzický popis: |
179 s. |
| Tagy: |
Pridať tag
Žiadne tagy, Buďte prvý kto otaguje tento záznam!
|
Titul je dostupný aj v ... 

MARC
| LEADER | 00000nam a2200000 a 4500 | ||
|---|---|---|---|
| 001 | 000062321 | ||
| 003 | SVKK | ||
| 005 | 20000103000000.0 | ||
| 008 | 991129s1999 xo e sloo | ||
| 020 | |a 809679471X (brož.) | ||
| 040 | |a SVKKK |b slo |c SVKKK |e AACR2 | ||
| 041 | 0 | |a slo | |
| 044 | |a xo |c SK | ||
| 080 | |a 657(035) |2 1997 | ||
| 100 | 1 | |a Heribanová, Mária |4 aut | |
| 245 | 1 | 0 | |a Súvzťažnosti k účtovej osnove pre podnikateľov do vrecka. / |c Mária Heribanová, Blažena Szabová |
| 250 | |a 1. vyd. | ||
| 260 | |a Bratislava : |b Grand Multitrade, |c 1999 | ||
| 300 | |a 179 s. | ||
| 653 | 0 | |a účtovníctvo |2 SVKKKPH | |
| 653 | 0 | |a osnovy účtovné |2 SVKKKPH | |
| 653 | 0 | |a príručky |2 SVKKKPH | |
| 655 | 7 | |a príručky |2 SVKKKPH | |
| 700 | 1 | |a Szabová, Blažena |4 aut | |
| 910 | |a svkkk | ||
| 919 | |a 80-967947-1-X | ||
| 974 | |a UH |d 19991213 | ||
| 974 | |a KL |d 19991210 | ||
| 974 | |a MI |d 20000103 | ||
| 998 | |a BK | ||
| 090 | |g SCKHL |k Sklad Hlavná 10 prízemie |a I.69859 |j 929553 |i 2720143676 |s Absenčne | ||